| 000 | 01486nam a2200361 a 4500 | ||
|---|---|---|---|
| 001 | ebr10682763 | ||
| 003 | CaPaEBR | ||
| 006 | m u | ||
| 007 | cr cn||||||||| | ||
| 008 | 130326s2013 nyuabd sbs 001 0 eng d | ||
| 010 | _z 2012540434 | ||
| 020 | _z9781622579075 (hbk.) | ||
| 020 | _z1622579070 (hbk.) | ||
| 020 | _z9781622579082 (e-book) | ||
| 040 |
_aCaPaEBR _cCaPaEBR |
||
| 035 | _a(OCoLC)840569787 | ||
| 043 | _an-us--- | ||
| 050 | 1 | 4 |
_aS441 _b.F37 2013eb |
| 245 | 0 | 0 |
_aFarming and farmland in the United States _h[electronic resource] : _bchanges and trends / _cCalvin Iglehart and Grant J. Zsofka, editors. |
| 260 |
_aHauppauge, N.Y. : _bNova Science ; _aLancaster : _bGazelle [distributor], _c2013. |
||
| 300 |
_aviii, 173 p. : _bill. (some col.), col. maps. |
||
| 490 | 1 | _aAgriculture issues and policies | |
| 504 | _aIncludes bibliographical references and index. | ||
| 533 |
_aElectronic reproduction. _bPalo Alto, Calif. : _cebrary, _d2013. _nAvailable via World Wide Web. _nAccess may be limited to ebrary affiliated libraries. |
||
| 650 | 0 |
_aAgriculture _zUnited States. |
|
| 650 | 0 |
_aAgriculture _zUnited States _vStatistics. |
|
| 655 | 7 |
_aElectronic books. _2local |
|
| 700 | 1 | _aIglehart, Calvin. | |
| 700 | 1 | _aZsofka, Grant J. | |
| 710 | 2 | _aebrary, Inc. | |
| 830 | 0 | _aAgriculture issues and policies series. | |
| 856 | 4 | 0 |
_uhttp://site.ebrary.com/lib/rucke/Doc?id=10682763 _zAn electronic book accessible through the World Wide Web; click to view |
| 999 |
_c32294 _d32294 |
||